=LDR 00000nam 2200000 4500 =001 INLIS000000000033125 =005 20171004111623 =035 ##$$a 0010-061300000033125 =008 171004###########################0#ind## =041 ##$$a ind =082 ##$$a 001.4 =090 ##$$a 001.4, Sug m =100 #$$a Sugiyono =245 1#$$a Metodologi penelitian kuantitafi, kualitatif dan R&D/Sugiono /$c Sugiyono =260 ##$$a Alfabeta :$b Bandung,$c 2011 =300 ##$$a x,334 hlm ; $c 24 cm =650 ##$$a Metode Penelitian =850 ##$$a NBPNMAT =084 ##$$a 001.4 SUG m =250 ##$$a cet.13 =990 ##$$a 0001/BPAP-NTB/20142014